| 000 | 00690nam a22002770a 4500 | ||
|---|---|---|---|
| 001 | UByD001396 | ||
| 003 | AR-LpoUNG | ||
| 005 | 20230422103415.0 | ||
| 008 | 230420s2020||||ag |||||||||||||||||spa d | ||
| 020 | _a9789878661865 | ||
| 040 |
_aAR-LpoUNG _bspa _cAR-LpoUNG _eaacr |
||
| 041 | _aspa | ||
| 044 | _aag | ||
| 082 | 0 | _aA863 638rel | |
| 100 | 1 | _aBlanco, Patricia | |
| 245 | 1 | 4 | _aLos relatos de Aurelio |
| 250 | _a1ra. ed. | ||
| 260 |
_aBuenos Aires : _bPatricia Silvia Blanco, _c2021. |
||
| 300 |
_a132 p. : _bfot. |
||
| 650 | 4 | _aLITERATURA | |
| 650 | 4 | _aARGENTINA | |
| 653 | 4 | _aLITERATURA ARGENTINA | |
| 653 | 4 | _aAUTORES LOCALES | |
| 905 | _a55627 | ||
| 942 |
_cLIB _2ddc |
||
| 999 |
_c63953 _d63953 |
||